000 00356 a2200121 4500
000 nam a22 7a 4500
005 20260207151107.0
020 _a9789391952860
100 _aAndreas Leitz
_91114371
245 _aBranches of the Rig Veda Different Traditions in Vedic Periiod ( Vol - 3 )
260 _bPathak Publisher and Dist.
_c2024
942 _cTEXL
999 _c1678915
_d1678915